000 00933nam a2200253 i 4500
001 bg
100 1 _aCIEPIELEWSKA, Dolores
_d(1944- )
245 1 0 _aZeszyt do ćwiczeń z zoologii /
_cDolores Ciepielewska, Agnieszka Kosewska, Mariusz Nietupski ; Uniwersytet Warmińsko-Mazurski w Olsztynie.
260 _aOlsztyn :
_bWydawnictwo Uniwersytetu Warmińsko-Mazurskiego,
_c2006.
300 _a71 s. :
_bil. ;
_c24 cm.
650 9 _aZoologia
655 _aĆwiczenia i zadania dla szkół wyższych
700 1 _aKOSEWSKA, Agnieszka
700 1 _aNIETUPSKI, Mariusz
015 _aPB 8876/2006
020 _a9788372994363
040 _cBPK
041 0 _apol
080 _a59(075.8)(076)
920 _a978-83-7299-436-3
942 _cKS
008 s pl f |000 0 pol
999 _c53379
_d53379
856 _uhttp://koha.tu.koszalin.pl/cgi-bin/koha/opac-detail.pl?biblionumber=53379
_yKatalog online BPK